| 000 | 01913nam a2200409 c 4500 | ||
|---|---|---|---|
| 003 | BLK | ||
| 005 | 20230619120222.0 | ||
| 008 | 180413b bul|||||r ||||||| ||bul|| | ||
| 010 | _aKNG00020770000 | ||
| 020 |
_a978-954-426-871-8 _bиздат.: Анубис |
||
| 040 | _aBLK | ||
| 041 |
_aBUL _cBUL |
||
| 072 | 7 |
_2bullib _aН372 _xУчебни предмети. Учебници Н |
|
| 080 |
_aИстория на България в основното училище _b372.894.972 _x(079)(075.2) _z372.894.972(079)(075.2) |
||
| 100 | 1 |
_aКаснакова-Иванова, Цонка Илиева _eпърви автор _9364483 |
|
| 700 | 1 |
_aВасилев, Асен Василев _eсъавт. _9263026 |
|
| 700 | 1 |
_aКаснакова, Цонка _gКаснакова-Иванова, Цонка Илиева _977457 |
|
| 139 |
_aКаснакова-Иванова, Цонка Илиева и др. _bК 45 |
||
| 245 | 1 | 0 |
_aИстория и цивилизация VІ клас _bЗадачи и тестове : Външно оценяване _cЦонка Илиева Каснакова-Иванова; съавт. Асен Василев Василев; Цонка Каснакова. |
| 257 | _aBGR | ||
| 260 |
_аСофия _bАнубис _c2010 _fСофия : Вулкан |
||
| 300 |
_a88 с. _bс ил., табл. _c24 см |
||
| 380 | _a3 | ||
| 650 | 4 |
_aИстория - България - учебници за основни училища _9263075 |
|
| 653 | _aбългарска история | ||
| 653 | _aVІ кл. | ||
| 653 | _aучебници за основни училища | ||
| 653 | _aучебни помагала | ||
| 653 | _aтестове | ||
| 659 | _aН | ||
| 852 | _aЦб 251332 | ||
| 856 | 4 |
_qpdf _u |
|
| 856 | 4 |
_qpdf _u |
|
| 942 |
_cKNG _n0 _01 |
||
| 944 |
_aCR _c24.03.2011 _lф / _kМилена_Ачева |
||
| 944 |
_aED _c16.08.2011 _lф / _k |
||
| 999 |
_c18698 _d18698 |
||